000 00692nam a2200241Ia 4500
003 OSt
005 20221005120317.0
006 a|||||r|||| 00| 0
007 ta
008 221004b |||||||| |||| 00| 0 eng d
024 _a66604
037 _cTextual
040 _aCRL
_cCRL
_beng
041 _2eng
_aeng
082 _aV52:8-19:M96<-M70, 121K0.2
110 _aItaly, Affairs Esteri (Ministero)
_9628989
245 0 _aDocumenti diplomatici Italiani. Second series
_b 1870-1871.
260 _c1960
650 _aHISTORY
700 _aItaly, Affairs Esteri (Ministero)
_9628990
942 _hV52:8-19:M96<-M70, 121K0.2
_cTEXL
_2cc
999 _c1037614
_d1037614